[Event "XLVIII Festival A"]
[Site "Imperia ITA"]
[Date "2006.09.04"]
[Round "2"]
[White "Cirabisi, Federico"]
[Black "Jurek, Josef"]
[WhiteElo "2116"]
[BlackElo "2390"]
[Result "0-1"]
[PlyCount "66"]
[EventDate "2006.09.03"]

1. d4 Nf6 2. Nd2 g6 3. e4 d6 4. Bd3 Bg7 5. Ne2 e5 6. O-O O-O 7. f4 exd4 8. Nf3
c5 9. Ng3 Bg4 10. f5 Nc6 11. Bg5 d5 12. exd5 Qxd5 13. Qd2 Rae8 14. b3 Bxf3 15.
Rxf3 Ne5 16. Raf1 Nxf3+ 17. Rxf3 Ng4 18. f6 Bh8 19. h3 Ne3 20. Bh6 Re6 21. Nf5
Bxf6 22. Bxf8 Kxf8 23. Nxe3 dxe3 24. Qe2 Qe5 25. Bc4 Re7 26. g4 Bh4 27. a4 Bf2+
28. Kg2 h5 29. Rxf2 exf2 30. Qxf2 Qe4+ 31. Kh2 hxg4 32. hxg4 Qxg4 33. Qf6 Qd4
0-1

[Event "XLVIII Festival A"]
[Site "Imperia ITA"]
[Date "2006.09.04"]
[Round "2"]
[White "Cugini, Verter"]
[Black "Mercandelli, Claudio"]
[WhiteElo "2209"]
[BlackElo "2028"]
[Result "1-0"]
[PlyCount "81"]
[EventDate "2006.09.03"]

1. e4 e6 2. d4 d5 3. Nd2 a6 4. Ngf3 c5 5. exd5 exd5 6. Qe2+ Be7 7. dxc5 Nf6 8.
Nb3 O-O 9. Be3 Nc6 10. O-O-O Be6 11. h3 Ne4 12. Nfd4 Nxd4 13. Bxd4 Rc8 14. g4
a5 15. Kb1 a4 16. Nc1 a3 17. Bg2 axb2 18. Nb3 Nxc5 19. Nxc5 Bxc5 20. Qb5 Qd6
21. Rhe1 Bxd4 22. Rxd4 Rc5 23. Qb4 Qc6 24. Re2 Rc8 25. Qa4 Qc7 26. f4 Bd7 27.
Qb3 Bb5 28. Rdd2 Bxe2 29. Rxe2 Qxf4 30. Kxb2 Qd4+ 31. Kc1 Qg1+ 32. Kb2 Qd4+ 33.
Kc1 Qf4+ 34. Kb2 Qf6+ 35. Kb1 h5 36. gxh5 R5c6 37. Qd3 Rb6+ 38. Kc1 Qg5+ 39.
Rd2 Qxh5 40. Bxd5 Qxh3 41. Qxh3 1-0

[Event "XLVIII Festival A"]
[Site "Imperia ITA"]
[Date "2006.09.04"]
[Round "2"]
[White "Del Dotto, Riccardo"]
[Black "Luciani, Carlo"]
[WhiteElo "2180"]
[BlackElo "2236"]
[Result "1/2-1/2"]
[PlyCount "97"]
[EventDate "2006.09.03"]

1. e4 e5 2. d4 exd4 3. Qxd4 Nc6 4. Qe3 Bb4+ 5. Nc3 Nf6 6. Bd2 O-O 7. O-O-O Re8
8. Bc4 Qe7 9. Nd5 Nxd5 10. Bxd5 Bxd2+ 11. Qxd2 d6 12. Ne2 Be6 13. Rhe1 Rab8 14.
f4 Qf6 15. Qc3 Qxc3 16. Nxc3 Ne7 17. Bxe6 fxe6 18. Nb5 Rec8 19. Nxa7 Rf8 20.
Nb5 Rbc8 21. g3 Nc6 22. c3 e5 23. f5 Kf7 24. g4 Ke7 25. g5 Kd7 26. a4 Ra8 27.
b3 Na5 28. Kc2 b6 29. Na3 Nb7 30. Nc4 Kc6 31. Ne3 Nc5 32. Nd5 Kd7 33. Rd2 b5
34. b4 Nxa4 35. Kb3 Kc6 36. Ne7+ Kb7 37. Nd5 Nb6 38. Nxb6 Kxb6 39. Ra2 Rxa2 40.
Kxa2 c6 41. h4 Kc7 42. Kb3 d5 43. exd5 Rxf5 44. dxc6 Kxc6 45. c4 bxc4+ 46. Kxc4
Rf4+ 47. Kc3 Kd5 48. Rd1+ Kc6 49. Re1 1/2-1/2

[Event "XLVIII Festival A"]
[Site "Imperia ITA"]
[Date "2006.09.04"]
[Round "2"]
[White "Egartner, Wolfgang"]
[Black "Di Paolo, Raffaele"]
[WhiteElo "2147"]
[BlackElo "2334"]
[Result "1-0"]
[PlyCount "93"]
[EventDate "2006.09.03"]

1. d4 d5 2. c4 Nc6 3. cxd5 Qxd5 4. Nf3 e5 5. Nc3 Bb4 6. Bd2 Bxc3 7. Bxc3 e4 8.
Ne5 Nge7 9. e3 Be6 10. Bc4 Qd6 11. Qb3 Nxe5 12. dxe5 Qc6 13. Bxe6 fxe6 14. O-O
Nd5 15. Rac1 O-O-O 16. Bd4 Qa6 17. Rc4 b6 18. Rfc1 Kb8 19. a4 Rhf8 20. Bc3 Rf7
21. Be1 Rfd7 22. Qc2 Qb7 23. Qxe4 Ne7 24. Qxb7+ Kxb7 25. b4 a6 26. f4 Nf5 27.
Kf2 h5 28. Rc6 Re7 29. Ke2 g5 30. g3 gxf4 31. gxf4 Rg8 32. Kf3 Rg6 33. Bf2 Rd7
34. e4 Ne7 35. R6c3 Ng8 36. Bh4 Rgg7 37. Bg5 Ne7 38. Kf2 Rg6 39. Bxe7 Rxe7 40.
f5 Rg8 41. f6 Rd7 42. Rc6 Re8 43. b5 axb5 44. axb5 Kb8 45. Ke3 Red8 46. Rxe6
Rd3+ 47. Kf4 1-0

[Event "XLVIII Festival A"]
[Site "Imperia ITA"]
[Date "2006.09.04"]
[Round "2"]
[White "Faraci, Antonino"]
[Black "Cardona, Paolo"]
[WhiteElo "2060"]
[BlackElo "1937"]
[Result "1/2-1/2"]
[PlyCount "79"]
[EventDate "2006.09.03"]

1. e4 e5 2. Nf3 Nc6 3. Bb5 Nf6 4. Bxc6 dxc6 5. Qe2 Bd6 6. h3 h6 7. d3 c5 8.
Nbd2 O-O 9. Nf1 c6 10. g4 Nh7 11. Ng3 Re8 12. Bd2 b5 13. Rg1 b4 14. Nf5 Bf8 15.
g5 Bxf5 16. exf5 hxg5 17. Nxg5 Nxg5 18. Rxg5 e4 19. O-O-O exd3 20. Qg4 dxc2 21.
Rg1 Qd4 22. Be3 Qxg4 23. R5xg4 f6 24. Kxc2 Re5 25. Bh6 Re7 26. Be3 Rd7 27. Kb3
Rad8 28. Kc4 Rd5 29. Rf4 Re8 30. a3 a5 31. Kb3 Ree5 32. Rc4 Rxf5 33. Ka4 Rd3
34. Kxa5 bxa3 35. bxa3 Rxa3+ 36. Kb6 Rb3+ 37. Kxc6 Rb4 38. Rc2 c4 39. Rg4 Rh5
40. h4 1/2-1/2

[Event "XLVIII Festival A"]
[Site "Imperia ITA"]
[Date "2006.09.04"]
[Round "2"]
[White "Jacob, Volker"]
[Black "Barlocco, Carlo"]
[WhiteElo "2280"]
[BlackElo "2183"]
[Result "1/2-1/2"]
[PlyCount "131"]
[EventDate "2006.09.03"]

1. d4 d5 2. c4 e6 3. Nc3 a6 4. cxd5 exd5 5. Bf4 c6 6. Qc2 Bd6 7. Bxd6 Qxd6 8.
e3 Nf6 9. Bd3 O-O 10. Nge2 Nbd7 11. O-O-O c5 12. Bf5 cxd4 13. Rxd4 Ne5 14. Rhd1
Nc6 15. Rf4 Ne7 16. g4 Bxf5 17. gxf5 Rac8 18. Kb1 b5 19. Qb3 Qe5 20. Nd4 Ne4
21. Nce2 Rc4 22. Qd3 Rfc8 23. Rg1 Kh8 24. Ng3 Qc7 25. Nde2 Nf6 26. h3 Nc6 27.
Rxc4 dxc4 28. Qc3 Nd5 29. Qc1 Ne5 30. f4 Nd3 31. Qd2 Re8 32. Nf1 Qe7 33. Rg3
Nf6 34. Qc3 Rg8 35. Qd4 Ne4 36. Rg2 Nf6 37. Nc3 Rd8 38. Qb6 Nc5 39. Rd2 Rxd2
40. Nxd2 h6 41. Qb8+ Kh7 42. Qe5 Qd7 43. Qxc5 Qxd2 44. a4 Qd3+ 45. Ka2 bxa4 46.
Ka3 Ne4 47. Qd4 Qxd4 48. exd4 Nd6 49. Kb4 Nxf5 50. Kxc4 f6 51. d5 g5 52. fxg5
fxg5 53. Ne4 Kg6 54. d6 Nxd6+ 55. Nxd6 h5 56. Kd5 g4 57. hxg4 hxg4 58. Ke4 Kf6
59. Nc4 Ke6 60. Ne3 g3 61. Kd4 Kf6 62. Kc4 Kg5 63. Kb4 Kf4 64. Ng2+ Kf3 65.
Nh4+ Kg4 66. Ng2 1/2-1/2

[Event "XLVIII Festival A"]
[Site "Imperia ITA"]
[Date "2006.09.04"]
[Round "2"]
[White "Lacrosse, Marc"]
[Black "Sulava, Nenad"]
[WhiteElo "2225"]
[BlackElo "2489"]
[Result "0-1"]
[PlyCount "56"]
[EventDate "2006.09.03"]

1. d4 d6 2. c4 e5 3. Nf3 e4 4. Ng5 Nf6 5. Nc3 Qe7 6. g3 h6 7. Nh3 g5 8. Bg2 Bf5
9. Be3 Bg7 10. Qd2 O-O 11. Ng1 c5 12. h4 cxd4 13. Bxd4 Nc6 14. Be3 Ng4 15. hxg5
Nxe3 16. Qxe3 Qxg5 17. Qxg5 hxg5 18. Nxe4 Bxb2 19. Rb1 Rfe8 20. Rxb2 Bxe4 21.
f3 Bg6 22. Nh3 Ne5 23. Rxb7 Nxc4 24. Nxg5 Ne3 25. Bh3 Re5 26. Kf2 Rae8 27. f4
Ra5 28. Be6 Rxg5 0-1

[Event "XLVIII Festival A"]
[Site "Imperia ITA"]
[Date "2006.09.04"]
[Round "2"]
[White "Malano, Francesco"]
[Black "Lindoerfer, Klaus"]
[WhiteElo "2020"]
[BlackElo "2217"]
[Result "0-1"]
[PlyCount "64"]
[EventDate "2006.09.03"]

1. Nf3 d5 2. g3 c5 3. Bg2 Nc6 4. O-O e5 5. d3 f6 6. e4 d4 7. Nh4 Be6 8. f4 Qd7
9. Nf3 Bd6 10. b3 Nge7 11. Na3 Bc7 12. Qe2 a6 13. fxe5 Nxe5 14. Nxe5 fxe5 15.
Bd2 Nc6 16. Rf2 O-O-O 17. Raf1 b5 18. Qd1 Qe7 19. Qc1 h6 20. Nb1 Kb7 21. Qa3 c4
22. Qxe7 Nxe7 23. Bb4 Nc6 24. Bc5 c3 25. Rf8 Rhxf8 26. Bxf8 Rd7 27. a3 Bd6 28.
Bxd6 Rxd6 29. Rf2 Rd7 30. Kf1 Rf7 31. Rxf7+ Bxf7 32. Bh3 Bxb3 0-1

[Event "XLVIII Festival A"]
[Site "Imperia ITA"]
[Date "2006.09.04"]
[Round "2"]
[White "Pesce, Gabriele"]
[Black "Raineri, Valerio"]
[WhiteElo "2006"]
[BlackElo "2145"]
[Result "0-1"]
[PlyCount "64"]
[EventDate "2006.09.03"]

1. e4 e5 2. Nf3 Nc6 3. d4 exd4 4. Nxd4 Bc5 5. Nxc6 Qf6 6. Qd2 dxc6 7. Nc3 Bd4
8. Bd3 Ne7 9. O-O Ng6 10. Kh1 Ne5 11. f4 Ng4 12. h3 Qh4 13. Rf3 Nf2+ 14. Kh2
Bg4 15. Rg3 O-O-O 16. Qe1 g5 17. Ne2 Bxe2 18. Qxe2 gxf4 19. Rf3 Nxd3 20. cxd3
Be5 21. Bd2 Rhg8 22. d4 Bxd4 23. Bxf4 f6 24. g3 Qh5 25. Raf1 Qb5 26. Qxb5 cxb5
27. b3 Rge8 28. Re1 Re6 29. Bc1 Rde8 30. Rf4 c5 31. Kg2 c4 32. Ba3 Ra6 0-1

[Event "XLVIII Festival A"]
[Site "Imperia ITA"]
[Date "2006.09.04"]
[Round "2"]
[White "Ricci, Marco"]
[Black "Mittermeier, Peter"]
[WhiteElo "2150"]
[BlackElo "2058"]
[Result "1-0"]
[PlyCount "81"]
[EventDate "2006.09.03"]

1. e4 c6 2. d4 d5 3. Nd2 dxe4 4. Nxe4 Bf5 5. Ng3 Bg6 6. h4 h6 7. Nf3 Nd7 8. h5
Bh7 9. Bd3 Bxd3 10. Qxd3 Qc7 11. Bd2 e6 12. O-O-O O-O-O 13. Ne4 Ngf6 14. g3
Nxe4 15. Qxe4 Bd6 16. c4 Nf6 17. Qc2 c5 18. d5 Rhe8 19. Bc3 e5 20. Rde1 Kb8 21.
Qf5 Qd7 22. Qxd7 Nxd7 23. Nh4 Be7 24. Nf5 Bf6 25. Nd6 Rf8 26. Ne4 Rde8 27. Kc2
Ka8 28. b3 Rc8 29. Re2 Rb8 30. Rhe1 Rfe8 31. f4 exf4 32. Nxf6 Rxe2+ 33. Rxe2
Nxf6 34. Bxf6 f3 35. Rf2 gxf6 36. Rxf3 Rg8 37. Rxf6 Rxg3 38. Rxf7 Rg2+ 39. Kc3
Rg3+ 40. Kd2 Rg2+ 41. Ke3 1-0

[Event "XLVIII Festival A"]
[Site "Imperia ITA"]
[Date "2006.09.04"]
[Round "2"]
[White "Zakoucka, Adela"]
[Black "Schwanengel, Ulrich"]
[WhiteElo "1974"]
[BlackElo "2103"]
[Result "1/2-1/2"]
[PlyCount "22"]
[EventDate "2006.09.03"]

1. e4 Nf6 2. Nc3 e5 3. Nf3 Nc6 4. Bb5 d6 5. d4 exd4 6. Nxd4 Bd7 7. O-O Nxd4 8.
Qxd4 Be7 9. Bf4 O-O 10. Bxd7 Nxd7 11. Nd5 Bf6 1/2-1/2

[Event "XLVIII Festival A"]
[Site "Imperia ITA"]
[Date "2006.09.05"]
[Round "3"]
[White "Barlocco, Carlo"]
[Black "Lacrosse, Marc"]
[WhiteElo "2183"]
[BlackElo "2225"]
[Result "1/2-1/2"]
[PlyCount "75"]
[EventDate "2006.09.03"]

1. d4 d5 2. Nf3 Nf6 3. e3 Bf5 4. c4 e6 5. Nc3 c6 6. Nh4 Bg6 7. Nxg6 hxg6 8. Bd2
Nbd7 9. Qb3 Qb6 10. Qxb6 axb6 11. cxd5 exd5 12. Bd3 b5 13. a4 Bb4 14. Ke2 Bxc3
15. Bxc3 Rxa4 16. Rxa4 bxa4 17. Bb4 Nb6 18. Bc5 Nc4 19. Bxc4 dxc4 20. f3 Nd5
21. g3 b6 22. Ba3 Kd7 23. e4 Nc7 24. Kd2 Nb5 25. Ke3 c5 26. dxc5 Nxa3 27. bxa3
b5 28. h4 Kc6 29. Rd1 Kxc5 30. Rd7 Kc6 31. Rd5 Rc8 32. Kd4 Kb6 33. Kc3 Rc7 34.
g4 Rc6 35. g5 Rc5 36. Rd7 Rc7 37. Rd5 Rc5 38. Rd7 1/2-1/2

[Event "XLVIII Festival A"]
[Site "Imperia ITA"]
[Date "2006.09.05"]
[Round "3"]
[White "Cugini, Verter"]
[Black "Jacob, Volker"]
[WhiteElo "2209"]
[BlackElo "2280"]
[Result "1-0"]
[PlyCount "53"]
[EventDate "2006.09.03"]

1. e4 e5 2. Nf3 Nc6 3. d4 exd4 4. Nxd4 Nf6 5. Nxc6 bxc6 6. e5 Qe7 7. Qe2 Nd5 8.
a3 g5 9. c4 Nf4 10. Bxf4 gxf4 11. Nd2 Bg7 12. Nf3 Bb7 13. Qe4 O-O-O 14. Be2 f6
15. Qxf4 fxe5 16. Qd2 e4 17. Nd4 Qf6 18. Rd1 Bh6 19. Qa5 Rhg8 20. g3 d5 21. f3
Rg5 22. Qxa7 c5 23. Nb5 Rh5 24. Qa5 Bf4 25. Rxd5 Bxg3+ 26. Kf1 Rhxd5 27. hxg3
1-0

[Event "XLVIII Festival A"]
[Site "Imperia ITA"]
[Date "2006.09.05"]
[Round "3"]
[White "Di Paolo, Raffaele"]
[Black "Zakoucka, Adela"]
[WhiteElo "2334"]
[BlackElo "1974"]
[Result "1-0"]
[PlyCount "61"]
[EventDate "2006.09.03"]

1. e4 c5 2. Nf3 Nc6 3. Nc3 g6 4. Bb5 Bg7 5. O-O d6 6. Re1 Bd7 7. d3 Nd4 8. a4
a6 9. Bxd7+ Qxd7 10. Nd5 Qc6 11. c3 Ne6 12. d4 Nc7 13. dxc5 dxc5 14. Bf4 Ne6
15. Ne5 Bxe5 16. Bxe5 f6 17. Bg3 Rd8 18. f4 Kf7 19. f5 Ng7 20. c4 e6 21. fxe6+
Nxe6 22. Rf1 Kg7 23. Ra3 Nd4 24. Bf2 Ne6 25. Bh4 Nc7 26. Rd3 g5 27. Bg3 Nxd5
28. cxd5 Qb6 29. Rb3 Qa5 30. Rxb7+ Kg6 31. Bc7 1-0

[Event "XLVIII Festival A"]
[Site "Imperia ITA"]
[Date "2006.09.05"]
[Round "3"]
[White "Finocchiaro, Gianluca"]
[Black "Pesce, Gabriele"]
[WhiteElo "1986"]
[BlackElo "2006"]
[Result "1/2-1/2"]
[PlyCount "21"]
[EventDate "2006.09.03"]

1. e4 c5 2. Nf3 Nc6 3. c3 d5 4. exd5 Qxd5 5. d4 Bg4 6. Be2 e6 7. O-O Nf6 8. Na3
Be7 9. Nc2 cxd4 10. cxd4 O-O 11. Be3 1/2-1/2

[Event "XLVIII Festival A"]
[Site "Imperia ITA"]
[Date "2006.09.05"]
[Round "3"]
[White "Jurek, Josef"]
[Black "Van Hoolandt, Patrick"]
[WhiteElo "2390"]
[BlackElo "2263"]
[Result "1-0"]
[PlyCount "43"]
[EventDate "2006.09.03"]

1. Nf3 Nf6 2. c4 e6 3. b3 c5 4. g3 a6 5. Bg2 b5 6. Nc3 Qb6 7. O-O Bb7 8. Re1 d5
9. cxd5 Nxd5 10. Nxd5 Bxd5 11. Bb2 Nd7 12. e4 Bb7 13. d4 cxd4 14. Bxd4 Bc5 15.
Rc1 Bxd4 16. Qxd4 Qxd4 17. Nxd4 Ke7 18. Nf5+ exf5 19. exf5+ Kd6 20. Bxb7 Ra7
21. Rc6+ Kd5 22. Rd1+ 1-0

[Event "XLVIII Festival A"]
[Site "Imperia ITA"]
[Date "2006.09.05"]
[Round "3"]
[White "Lindoerfer, Klaus"]
[Black "Del Dotto, Riccardo"]
[WhiteElo "2217"]
[BlackElo "2180"]
[Result "1/2-1/2"]
[PlyCount "40"]
[EventDate "2006.09.03"]

1. e4 e5 2. Nf3 Nf6 3. Nxe5 d6 4. Nf3 Nxe4 5. d4 d5 6. Bd3 Bd6 7. O-O O-O 8. c4
c6 9. Nc3 Nxc3 10. bxc3 dxc4 11. Bxc4 Bg4 12. Qd3 Bh5 13. Ng5 Bg6 14. Qf3 Nd7
15. Re1 Nf6 16. Bd2 Qc7 17. g3 Qd7 18. Bd3 Bxd3 19. Qxd3 Rfe8 20. f3 Bf8
1/2-1/2

[Event "XLVIII Festival A"]
[Site "Imperia ITA"]
[Date "2006.09.05"]
[Round "3"]
[White "Pepino, Enrico"]
[Black "Astengo, Marcello"]
[WhiteElo "2187"]
[BlackElo "2109"]
[Result "1-0"]
[PlyCount "59"]
[EventDate "2006.09.03"]

1. e4 e6 2. d4 d5 3. exd5 exd5 4. c4 Nf6 5. Nc3 Be7 6. Bd3 O-O 7. Nge2 dxc4 8.
Bxc4 c6 9. O-O Nbd7 10. Bg5 Nb6 11. Bb3 Bf5 12. Ng3 Bg6 13. Qd2 h6 14. Bxf6
Bxf6 15. Rad1 Re8 16. f4 Qc7 17. f5 Bh7 18. Nge4 Qe7 19. Nxf6+ Qxf6 20. Qf4
Rad8 21. Ne4 Qe7 22. Nc5 Nd5 23. Bxd5 Rxd5 24. f6 gxf6 25. Qxh6 b6 26. Nb3 Bg6
27. Qf4 Kg7 28. Rc1 Rf5 29. Qd2 Qe4 30. Rfe1 1-0

[Event "XLVIII Festival A"]
[Site "Imperia ITA"]
[Date "2006.09.05"]
[Round "3"]
[White "Popa, Claudiu"]
[Black "Feistenauer, Harald"]
[WhiteElo "2193"]
[BlackElo "2107"]
[Result "1/2-1/2"]
[PlyCount "30"]
[EventDate "2006.09.03"]

1. e4 Nf6 2. Nc3 d5 3. exd5 Nxd5 4. Bc4 Nb6 5. Bb3 Nc6 6. Qf3 e6 7. Nge2 Qf6 8.
Qxf6 gxf6 9. d3 Bd7 10. Be3 O-O-O 11. h3 f5 12. O-O-O Be7 13. f4 Bf6 14. Na4
Nxa4 15. Bxa4 Rhg8 1/2-1/2

[Event "XLVIII Festival A"]
[Site "Imperia ITA"]
[Date "2006.09.05"]
[Round "3"]
[White "Raineri, Valerio"]
[Black "Fossati, Remigio"]
[WhiteElo "2145"]
[BlackElo "2203"]
[Result "1-0"]
[PlyCount "87"]
[EventDate "2006.09.03"]

1. e4 c5 2. Nf3 d6 3. d4 cxd4 4. Nxd4 Nf6 5. Nc3 a6 6. Be3 e5 7. Nb3 Be6 8. f3
Be7 9. Qd2 O-O 10. O-O-O Qc7 11. Nd5 Bxd5 12. exd5 Rc8 13. Kb1 a5 14. c4 a4 15.
Na1 a3 16. b3 Nbd7 17. g4 Ne8 18. h4 Qb8 19. g5 b5 20. cxb5 Bd8 21. Rc1 Rxc1+
22. Qxc1 Bb6 23. Nc2 Nc7 24. Nb4 Bxe3 25. Qxe3 Qb7 26. Bc4 Nxb5 27. Nc6 Nd4 28.
Nxd4 exd4 29. Qxd4 Re8 30. h5 Qb6 31. Qxb6 Nxb6 32. Kc2 h6 33. gxh6 gxh6 34.
Rh4 Re3 35. Rh3 Re1 36. Kc3 Ra1 37. Rh2 Re1 38. Kb4 Re3 39. Rh3 Kg7 40. Kb5
Nxc4 41. bxc4 Re2 42. Kc6 Rc2 43. Rh4 Rxa2 44. Kxd6 1-0

[Event "XLVIII Festival A"]
[Site "Imperia ITA"]
[Date "2006.09.05"]
[Round "3"]
[White "Schwanengel, Ulrich"]
[Black "Malano, Francesco"]
[WhiteElo "2103"]
[BlackElo "2020"]
[Result "1/2-1/2"]
[PlyCount "69"]
[EventDate "2006.09.03"]

1. e4 c5 2. Nf3 g6 3. d4 cxd4 4. Nxd4 Bg7 5. Nc3 Nc6 6. Be3 Nf6 7. Bc4 Qa5 8.
f3 Qb4 9. Nxc6 Qxc4 10. Ne5 Qe6 11. Nd3 O-O 12. Qd2 d6 13. O-O-O Re8 14. g4 Bd7
15. g5 Nh5 16. Nd5 Rec8 17. Kb1 Ba4 18. b3 Be8 19. Nc1 Rc6 20. Ne2 Rac8 21. Rc1
Ra6 22. Bd4 f5 23. Bxg7 Nxg7 24. Rhe1 Bc6 25. Nef4 Qf7 26. e5 Ne6 27. exd6 Bxd5
28. Qxd5 Nxf4 29. Qxb7 Rcc6 30. Rxe7 Qf8 31. Rd1 Rcb6 32. Qc7 Rc6 33. Qb7 Rcb6
34. Qc7 Rc6 35. Qb7 1/2-1/2

[Event "XLVIII Festival A"]
[Site "Imperia ITA"]
[Date "2006.09.05"]
[Round "3"]
[White "Stoppa, Omar"]
[Black "Ricci, Marco"]
[WhiteElo "2209"]
[BlackElo "2150"]
[Result "1-0"]
[PlyCount "59"]
[EventDate "2006.09.03"]

1. e4 e6 2. d4 d5 3. e5 c5 4. c3 Nc6 5. Nf3 Qb6 6. Bd3 cxd4 7. cxd4 Bd7 8. O-O
Nxd4 9. Nxd4 Qxd4 10. Nc3 a6 11. Kh1 Ne7 12. f4 Nc6 13. Qe2 Nb4 14. Bb1 Qc4 15.
Qf3 Bc6 16. f5 d4 17. Qf4 Nd5 18. Nxd5 Qxd5 19. Qg3 h5 20. fxe6 Qxe6 21. Bf5
Qd5 22. e6 f6 23. Qg6+ Kd8 24. Bf4 Be8 25. Qg3 h4 26. e7+ Kxe7 27. Rae1+ Kf7
28. Qg4 Qc5 29. Qg6+ Kg8 30. Be6+ 1-0

[Event "XLVIII Festival A"]
[Site "Imperia ITA"]
[Date "2006.09.05"]
[Round "3"]
[White "Tomassoni, Leonardo"]
[Black "Faraci, Antonino"]
[WhiteElo "2005"]
[BlackElo "2060"]
[Result "1-0"]
[PlyCount "65"]
[EventDate "2006.09.03"]

1. e4 c5 2. Nf3 a6 3. d4 cxd4 4. Nxd4 Nf6 5. Nc3 e5 6. Nf3 d6 7. h3 Be7 8. Be3
b5 9. a3 Bb7 10. Bd3 Nbd7 11. b4 Qc7 12. Bd2 O-O 13. O-O d5 14. Nxd5 Nxd5 15.
exd5 Bxd5 16. Bf5 Nb6 17. Re1 Bf6 18. Be4 Rad8 19. Rb1 Nc4 20. Qc1 Nxd2 21.
Nxd2 Bg5 22. Re3 Bxe3 23. fxe3 Qc3 24. Bd3 f5 25. Nf1 Qc6 26. Ng3 Bxg2 27. Nxf5
Bxh3 28. Ne7+ Kh8 29. Nxc6 Rd6 30. Nxe5 Re6 31. Qb2 Rfe8 32. Nf7+ Kg8 33. Ng5
1-0

[Event "XLVIII Festival A"]
[Site "Imperia ITA"]
[Date "2006.09.06"]
[Round "4"]
[White "Ahner, Thomas"]
[Black "Di Paolo, Raffaele"]
[WhiteElo "2157"]
[BlackElo "2334"]
[Result "1/2-1/2"]
[PlyCount "93"]
[EventDate "2006.09.03"]

1. e4 c5 2. Nf3 Nc6 3. d4 cxd4 4. Nxd4 Qc7 5. Nc3 e6 6. Be2 a6 7. O-O Nf6 8.
Kh1 Bb4 9. Qd3 b5 10. f4 Nxd4 11. Qxd4 Bc5 12. Qd3 b4 13. e5 bxc3 14. exf6 gxf6
15. Qxc3 Bb7 16. Qxf6 Rg8 17. Bf3 Be7 18. Qc3 Qxc3 19. bxc3 Bxf3 20. Rxf3 Rb8
21. Kg1 Bc5+ 22. Kf1 d5 23. g3 Kd7 24. Ke2 f6 25. Be3 Rgc8 26. Kd2 Bd6 27. Bd4
e5 28. fxe5 fxe5 29. Ba7 Rb7 30. Rf7+ Kc6 31. Raf1 Rxf7 32. Rxf7 Rc7 33. Rxc7+
Bxc7 34. a4 Kd6 35. Kd3 Bd8 36. h4 Ke6 37. c4 dxc4+ 38. Kxc4 Kf5 39. Kd3 e4+
40. Ke2 Bc7 41. Bf2 h5 42. c4 Kg4 43. c5 Kf5 44. Kd2 Ba5+ 45. Ke2 Bc7 46. Be1
Ke6 47. Bf2 1/2-1/2

[Event "XLVIII Festival A"]
[Site "Imperia ITA"]
[Date "2006.09.06"]
[Round "4"]
[White "Astengo, Marcello"]
[Black "Cardona, Paolo"]
[WhiteElo "2109"]
[BlackElo "1937"]
[Result "1-0"]
[PlyCount "87"]
[EventDate "2006.09.03"]

1. d4 Nf6 2. c4 e5 3. dxe5 Ng4 4. e3 Nxe5 5. Nh3 d6 6. Nf4 Bg4 7. Qb3 Qc8 8. h3
Bf5 9. Be2 Na6 10. O-O Nc5 11. Qa3 Be7 12. b4 Ne6 13. Nd5 Bh4 14. Nbc3 h6 15.
f4 Nd7 16. Nb5 a6 17. Ndxc7+ Kf8 18. Nxe6+ fxe6 19. Nxd6 Qc7 20. c5 Ke7 21. e4
Bh7 22. Bb2 a5 23. Qc3 Bf6 24. e5 Bh4 25. a3 Rag8 26. g3 g5 27. gxh4 gxh4+ 28.
Kh2 Rg3 29. Qc4 Qc6 30. Rg1 Rhg8 31. Bg4 Nf8 32. f5 h5 33. f6+ Kd8 34. b5 hxg4
35. bxc6 Rxh3+ 36. Kg2 Rg3+ 37. Kf2 Rf3+ 38. Ke1 Re3+ 39. Kd2 Rxe5 40. Kc3 Re3+
41. Kd2 Rd3+ 42. Ke2 bxc6 43. f7 Rg5 44. Bf6+ 1-0

[Event "XLVIII Festival A"]
[Site "Imperia ITA"]
[Date "2006.09.06"]
[Round "4"]
[White "Biolek, Richard sr"]
[Black "Sulava, Nenad"]
[WhiteElo "2440"]
[BlackElo "2489"]
[Result "1/2-1/2"]
[PlyCount "20"]
[EventDate "2006.09.03"]

1. e4 e6 2. d4 d5 3. exd5 exd5 4. Nf3 Bd6 5. Bd3 Ne7 6. Bg5 f6 7. Bh4 Bf5 8.
Bg3 Nbc6 9. c3 Qd7 10. O-O Bg6 1/2-1/2

[Event "XLVIII Festival A"]
[Site "Imperia ITA"]
[Date "2006.09.06"]
[Round "4"]
[White "Blasco, Domenico"]
[Black "Ricci, Marco"]
[WhiteElo "1992"]
[BlackElo "2150"]
[Result "1-0"]
[PlyCount "151"]
[EventDate "2006.09.03"]

1. d4 Nf6 2. Bf4 c5 3. e3 Qb6 4. Nc3 g6 5. Nf3 Bg7 6. Be2 O-O 7. Rb1 d6 8. h3
Nbd7 9. O-O Qa5 10. Bh2 a6 11. Qd2 b5 12. dxc5 b4 13. Nd5 Nxd5 14. Qxd5 Nxc5
15. a3 Rb8 16. axb4 Qxb4 17. Nd4 Bb7 18. Qg5 Ne4 19. Qxe7 Rfe8 20. Qd7 Rbd8 21.
Nc6 Rxd7 22. Nxb4 a5 23. Bb5 axb4 24. Bxd7 Rd8 25. Bb5 Nd2 26. b3 Nxb1 27. Rxb1
Kf8 28. Rd1 Ke7 29. Bg3 Bc3 30. Kf1 Be4 31. Bd3 Bc6 32. f3 Ke6 33. Ke2 Rd7 34.
Be1 Bxe1 35. Kxe1 Re7 36. e4 d5 37. Ke2 dxe4 38. fxe4 Rc7 39. Ke3 f6 40. Ra1
Rd7 41. Ra6 Rd6 42. Rb6 Kd7 43. Rxb4 Kc7 44. g4 Rd8 45. h4 Re8 46. Rd4 Re5 47.
b4 h5 48. Kf4 hxg4 49. Kxg4 Bd7+ 50. Kg3 Rh5 51. Be2 Re5 52. Bf3 Rb5 53. c3 Bc6
54. Rd2 Re5 55. Kf4 Re8 56. c4 Rh8 57. Kg3 Re8 58. Rd4 Bb7 59. c5 Ba8 60. Rd6
f5 61. Rxg6 fxe4 62. Be2 e3 63. b5 Be4 64. Rg7+ Kb8 65. h5 Bc2 66. Kf4 Re4+ 67.
Kf3 Re5 68. Rg8+ Kc7 69. Rg7+ Kb8 70. c6 Rxh5 71. Kxe3 Re5+ 72. Kf2 Be4 73.
Rb7+ Kc8 74. Bg4+ Kd8 75. c7+ Ke7 76. c8=Q+ 1-0

[Event "XLVIII Festival A"]
[Site "Imperia ITA"]
[Date "2006.09.06"]
[Round "4"]
[White "Cirabisi, Federico"]
[Black "Malano, Francesco"]
[WhiteElo "2116"]
[BlackElo "2020"]
[Result "1-0"]
[PlyCount "77"]
[EventDate "2006.09.03"]

1. d4 c5 2. dxc5 e6 3. Nc3 Bxc5 4. e4 Nc6 5. Nf3 d6 6. Bd3 Nf6 7. O-O h6 8. Na4
e5 9. Nxc5 dxc5 10. Be3 Qe7 11. h3 O-O 12. Nd2 Rd8 13. f4 exf4 14. Rxf4 Ne5 15.
Qe2 b6 16. Raf1 Nxd3 17. cxd3 Ba6 18. Rxf6 Bxd3 19. Qg4 Bxf1 20. Rxf1 Rd6 21.
e5 Re6 22. Nf3 Re8 23. Bd2 Qd8 24. Bc3 Qd5 25. Qf4 Qxa2 26. Nh4 Rf8 27. Nf5 Qd5
28. Qg3 g5 29. h4 Kh7 30. hxg5 Rg8 31. Ne3 Qb7 32. Rf5 Rxg5 33. Rxg5 hxg5 34.
Ng4 Qc7 35. Qd3+ Kg7 36. Qf5 Qd8 37. Nf6 Qd1+ 38. Kf2 Qc1 39. Qh7+ 1-0

[Event "XLVIII Festival A"]
[Site "Imperia ITA"]
[Date "2006.09.06"]
[Round "4"]
[White "Del Dotto, Riccardo"]
[Black "Stoppa, Omar"]
[WhiteElo "2180"]
[BlackElo "2209"]
[Result "1/2-1/2"]
[PlyCount "64"]
[EventDate "2006.09.03"]

1. d4 Nf6 2. Nf3 g6 3. Bf4 Bg7 4. h3 d6 5. e3 O-O 6. Be2 c5 7. c3 Nc6 8. Nbd2
Re8 9. Bh2 cxd4 10. exd4 Bf5 11. O-O e5 12. dxe5 dxe5 13. Nc4 Nd5 14. Qb3 Qe7
15. Ncxe5 Nxe5 16. Qxd5 Rad8 17. Qb3 Bd3 18. Nd4 Bxe2 19. Nxe2 Nf3+ 20. gxf3
Qxe2 21. Qxb7 Re7 22. Qc6 Qxb2 23. Rab1 Qxc3 24. Qxc3 Bxc3 25. Rfc1 Bd4 26. Rc2
Bb6 27. Bg3 f6 28. Kf1 Kf7 29. Rbc1 Red7 30. Bc7 Bxc7 31. Rxc7 g5 32. R1c4 Kg6
1/2-1/2